书目信息 |
| 题名: |
鲜嫩的蔬菜
|
|
| 作者: | 杜建华 编著 | |
| 分册: | ||
| 出版信息: | 广州 广州出版社 1997 |
|
| 页数: | 123页 | |
| 开本: | 19cm | |
| 丛书名: | 百科世界丛书 | |
| 单 册: | ||
| 中图分类: | S63-49 , S63 | |
| 科图分类: | ||
| 主题词: | 蔬菜--青年读物 | |
| 电子资源: | ||
| ISBN: | 7-80592-710-3 | |
| 000 | 00772nam2 2200277 450 | |
| 001 | 073000001894 | |
| 005 | 20091028152636.62 | |
| 009 | 0198051756 | |
| 010 | @a7-80592-710-3@dCNY8.15 | |
| 100 | @a20040224d am y0chiy0121 ea | |
| 101 | 0 | @achi |
| 102 | @aCN@b440000 | |
| 105 | @ay z 000yy | |
| 200 | 10 | @a鲜嫩的蔬菜@Axian nen de shu cai@f杜建华编著@Fdu jian hua bian zhu |
| 210 | @a广州@c广州出版社@d1997 | |
| 215 | @a123页@d19cm | |
| 225 | 2 | @a百科世界丛书 |
| 300 | 2 | @a@h第六辑@v102 |
| 410 | 0 | @120010@a百科世界丛书 |
| 606 | @a蔬菜@x青年读物 | |
| 690 | @aS63-49@v3 | |
| 690 | @aS63@v4 | |
| 701 | 0 | @a杜建华@Adu jian hua@4编著 |
| 801 | 2 | @aCN@bHX@c20091028 |
| 905 | @aBZT@dS63@e8 | |
| 999 | @tC@Axiuxia@a20040224 18:08:53@Ixiuxia@i20040224 18:08:55 | |
| 鲜嫩的蔬菜/杜建华编著.-广州:广州出版社,1997 |
| 123页;19cm.-(百科世界丛书) |
| ISBN 7-80592-710-3:CNY8.15 |
| ● |
| 相关链接 |
|
|
|
正题名:鲜嫩的蔬菜
索取号:S63/8
 
预约/预借
| 序号 | 登录号 | 条形码 | 馆藏地/架位号 | 状态 | 备注 |
| 1 | 420164 | 210051174 | 中心书库中库/ 中库032架B面4列4层99/ [索取号:S63/8] | 在馆 | |
| 2 | 420165 | 210051183 | 中心书库中库/ 中库032架B面4列4层96/ [索取号:S63/8] | 在馆 | |
| 3 | 420166 | 210051209 | 中心书库中库/ 中库032架B面4列4层97/ [索取号:S63/8] | 在馆 | |
| 4 | 420167 | 210051192 | 中心书库中库/ 中库032架B面4列4层90/ [索取号:S63/8] | 在馆 | |
| 5 | 420168 | 210051227 | 中心书库中库/ 中库032架B面4列4层98/ [索取号:S63/8] | 在馆 | |
| 6 | 420169 | 210051218 | 中心书库中库/ 中库032架B面4列4层91/ [索取号:S63/8] | 在馆 | |
| 7 | 420170 | 210051245 | 中心书库中库/ 中库032架B面4列4层92/ [索取号:S63/8] | 在馆 | |
| 8 | 420171 | 210051236 | 中心书库中库/ 中库032架B面4列4层93/ [索取号:S63/8] | 在馆 | |
| 9 | 420172 | 210051254 | 中心书库中库/ 中库032架B面4列4层94/ [索取号:S63/8] | 在馆 | |
| 10 | 420173 | 210051263 | 中心书库中库/ 中库032架B面4列4层95/ [索取号:S63/8] | 在馆 |